1735 1752 1500 1838 1604 1460 1871 1012 1569 1963 1285 1203 1510 1948 1846 1741 1524 1371 1502 1323 1269 1698 1700 1697 1422 1537 1872 1806 1663 1764 1865 1089 1997 1412 1670 1604 1518 1079 1012 1486 1436 1141 1763 1690 1702 1935 1958 1954 1486 1453 1100 1095 1359 1836 1951 1807 1344 1694 1897 1533 1838 1164 1492 1750 1483 1133 1260 1201 1402 1992 1359 1740 1748 1810 1818 1242 1810 1451 1524 1279 1405 1591 1641 1284 1829 1396 1075 1891 1569 1467 1043 1042 1116 1155 1696 1648 1847 1765 1030 BCNSPRNW ULIB Ver.6.0+V

เปลี่ยนเป็นภาษาไทย

Change to English
 แสดงรายละเอียดบรรณานุกรม
  กลับหน้าหลัก

Brief Record : Get Marc (ISO 2709) : E-mail record : QR code < ปิดหน้าต่าง
LEADER : 00000nam 2200000uu 4500
001    13399125398
003     ULIB
008    170524s2558||||th 000 0 tha d
020    ^a9786161126650
060 04 ^aWY100^bอ253ค
100 0  ^aอภิญญา เพียรพิจารณ์
245 00 ^aคู่มือปฏิบัติการพยาบาล ^nเล่ม 2 /^cอภิญญา เพียรพิจารณ์
250    ^aพิมพ์ครั้งที่ 2 (ฉบับปรับปรุงครั้งที่ 1)
260    ^aนนทบุรี :^bโครงการสวัสดิการวิชาการ สถาบันพระบรมราชชนก,^c2558
300    ^a273 หน้า :^bภาพประกอบ ;^c26 ซม.
500    ^aพื้นฐานการพยาบาล
504    ^aมีบรรณานุกรมและดัชนี
505 0  ^a6.การปฏิบัติการพยาบาลในระบบทางเดินหายใจ--7.การปฏิบัติการพยาบาลในระบบทางเดินอาหารและการขับถ่ายอุจจาระ--8.การปฏิบัติการพยาบาลในระบบทางเดินปัสสาวะและระบบสืบพันธุ์--9.การปฏิบัติการพยาบาลในการทำความสะอาดแผล ตัดไหม พันผ้าและการแช่ก้น --10.การปฏิบัติการพยาบาลเรื่องไข้ และการประคบร้อน เย็น--11.การปฏิบัติการปราศจากเชื้อและการป้องกันการแพร่กระจายเชื้อ--12.การเก็บตัวอย่างส่งตรวจ--13.การปฏิบัติการพยาบาลอื่นๆ
650  4 ^aการพยาบาล^xคู่มือ
650  0 ^aพื้นฐานการพยาบาล
710 2  ^aสถาบันพระบรมราชชนก, ^bโครงการสวัสดิการวิชาการ
945    ^p0^l0^i002233
945    ^p0^l0^i002234
945    ^p0^l0^i002235
945    ^p0^l0^i002236
945    ^p0^l0^i002237
945    ^p0^l0^i002238
945    ^p0^l0^i002239
945    ^p0^l0^i002240
945    ^p0^l0^i002241
945    ^p0^l0^i002242
999    ^aวรรณษา ชูชัยมงคล
รายการนี้ยังไม่มีแท็ก
คุณยังไม่ได้ล็อกอิน คุณสามารถมีกิจกรรมร่วมกับเว็บไซต์ได้ แต่ต้องล็อกอินก่อน ::
  ล็อกอิน

รายการสื่อสารสนเทศ

ลำดับที่ ประเภท เลขเรียก/บาร์โค้ด สถานที่ สถานะ
1. Book การพยาบาล
Book การพยาบาล
สถานะ=หนังสือเก่า
WY100 อ253ค ฉ.1 
  Barcode: 002233
ห้องสมุดวิทยาเขตสวรรค์ประชารักษ์
►ส่วนจัดเก็บหนังสือเก่า สปร
บนชั้น
  ขอยืม
2. Book การพยาบาล
Book การพยาบาล
สถานะ=หนังสือเก่า
WY100 อ253ค ฉ.10 
  Barcode: 002242
ห้องสมุดวิทยาเขตสวรรค์ประชารักษ์
►ส่วนจัดเก็บหนังสือเก่า สปร
บนชั้น
  ขอยืม
3. Book การพยาบาล
Book การพยาบาล
สถานะ=หนังสือเก่า
WY100 อ253ค ฉ.2 
  Barcode: 002234
ห้องสมุดวิทยาเขตสวรรค์ประชารักษ์
►ส่วนจัดเก็บหนังสือเก่า สปร
บนชั้น
  ขอยืม
4. Book การพยาบาล
Book การพยาบาล
สถานะ=หนังสือเก่า
WY100 อ253ค ฉ.3 
  Barcode: 002235
ห้องสมุดวิทยาเขตสวรรค์ประชารักษ์
►ส่วนจัดเก็บหนังสือเก่า สปร
บนชั้น
  ขอยืม
5. Book การพยาบาล
Book การพยาบาล
สถานะ=หนังสือเก่า
WY100 อ253ค ฉ.4 
  Barcode: 002236
ห้องสมุดวิทยาเขตสวรรค์ประชารักษ์
►ส่วนจัดเก็บหนังสือเก่า สปร
บนชั้น
  ขอยืม
6. Book การพยาบาล
Book การพยาบาล
สถานะ=หนังสือเก่า
WY100 อ253ค ฉ.5 
  Barcode: 002237
ห้องสมุดวิทยาเขตสวรรค์ประชารักษ์
►ส่วนจัดเก็บหนังสือเก่า สปร
บนชั้น
  ขอยืม
7. Book การพยาบาล
Book การพยาบาล
สถานะ=หนังสือเก่า
WY100 อ253ค ฉ.6 
  Barcode: 002238
ห้องสมุดวิทยาเขตสวรรค์ประชารักษ์
►ส่วนจัดเก็บหนังสือเก่า สปร
บนชั้น
  ขอยืม
8. Book การพยาบาล
Book การพยาบาล
สถานะ=หนังสือเก่า
WY100 อ253ค ฉ.7 
  Barcode: 002239
ห้องสมุดวิทยาเขตสวรรค์ประชารักษ์
►ส่วนจัดเก็บหนังสือเก่า สปร
บนชั้น
  ขอยืม
9. Book การพยาบาล
Book การพยาบาล
สถานะ=หนังสือเก่า
WY100 อ253ค ฉ.8 
  Barcode: 002240
ห้องสมุดวิทยาเขตสวรรค์ประชารักษ์
►ส่วนจัดเก็บหนังสือเก่า สปร
บนชั้น
  ขอยืม
10. Book การพยาบาล
Book การพยาบาล
สถานะ=หนังสือเก่า
WY100 อ253ค ฉ.9 
  Barcode: 002241
ห้องสมุดวิทยาเขตสวรรค์ประชารักษ์
►ส่วนจัดเก็บหนังสือเก่า สปร
บนชั้น
  ขอยืม

รายการใกล้เคียง
    ผู้แต่ง [อภิญญา เพียรพิจารณ์]

    หัวเรื่อง [พื้นฐานการพยาบาล]

BibComment


ยังไม่เคยถูกคอมเมนท์

คอมเมนท์ทรัพยากรรายการนี้
  คอมเมนท์: คู่มือปฏิบัติการ..


 Copyright 2026. Bcnsprnw @Library